| 000 | 01965nam0a2200337 4500 | ||
|---|---|---|---|
| 001 | RU\NLR\BIBL_A\022351813 | ||
| 005 | 20260420015823.0 | ||
| 010 |
_a978-5-00244-542-4 _910 |
||
| 021 |
_aRU _bКН-П-24-045517 _9КН-П-24-4531 |
||
| 035 | _a(NLR Aleph) 022351813 | ||
| 090 |
_a13667358 _c13667358 |
||
| 100 | _a20241014d2024 u y0rusy50 ca | ||
| 101 | 1 |
_arus _cger |
|
| 102 | _aRU | ||
| 105 | _ac z 000ay | ||
| 181 | 0 |
_ai _baxxe |
|
| 182 | 0 | _an | |
| 200 | 1 |
_aРанние пьесы _e[сборник] _fПетер Хакс _g[пер. с нем. Э. Венгеровой] |
|
| 203 |
_aТекст _bвизуальный _cнепосредственный |
||
| 210 |
_aМосква _cПеро _d2024 |
||
| 215 |
_a239 с. _cпортр. _d22 |
||
| 327 | 1 | _aСодерж.: Колумб, или Путь к открытию мира ; Мельник из Сан-Суси. В кн. также: Последние дело инспектора Кемпбелла, или Женитьба – всегда риск / Саул О' Хара | |
| 464 | 0 |
_12001#$aПоследние дело инспектора Кемпбелла, или Женитьба – всегда риск$fСаул О' Хара _1300##$aВ аннот.: пьеса создана в соавт. с Анной Виде, женой драматурга, под псевд. Саул О' Хара _1700#0$aСаул О' Хара$cколлективный псевдоним$3RU\NLR\AUTH\770274556 _tПоследние дело инспектора Кемпбелла, или Женитьба – всегда риск _aСаул О' Хара (коллективный псевдоним) |
|
| 686 | 1 | _aШ6(4Ге)07-62{Лх1359.1-215} | |
| 700 | 1 |
_7ca _8rus _aХакс _bП. _f1928-2003 _gПетер _9155351 _3RU\NLR\AUTH\770155390 |
|
| 942 | _cBOOK | ||
| 980 | _aNB | ||